|
|
|
|
| LEADER |
00000nam0a2200000 4500 |
| 001 |
358557 |
| 005 |
20231102011114.0 |
| 035 |
|
|
|a (RuTPU)RU\TPU\retro\15827
|
| 090 |
|
|
|a 358557
|
| 100 |
|
|
|a 20200819d1973 km y0rusy50 ca
|
| 101 |
1 |
|
|a fre
|c rus
|
| 102 |
|
|
|a RU
|
| 105 |
|
|
|a a z 001zy
|
| 200 |
1 |
|
|a Основы теории оптимальных автоматических систем
|d Principes Theoriques des systemes asservis optimsux
|f A. A. Фельдбаум
|
| 210 |
|
|
|a Москва
|c Мир
|d 1973
|
| 215 |
|
|
|a 444 с.
|c ил.
|
| 300 |
|
|
|a Книга на французском языке
|
| 320 |
|
|
|a Bibliographie: с. 427-440
|
| 320 |
|
|
|9 572
|a Index: с. 441-445
|
| 454 |
|
1 |
|0 (RuTPU)RU\TPU\book\50245
|t Основы теории оптимальных автоматических систем
|f А. А. Фельдбаум
|e 2-е изд., испр. и доп.
|c Москва
|n Наука
|d 1966
|p 623 с.
|a Фельдбаум, Александр Аронович
|
| 510 |
1 |
|
|a Principes Theoriques des systemes asservis optimsux
|z fre
|
| 606 |
1 |
|
|a Автоматическое управление оптимальное
|x Математические исследования
|2 stltpush
|3 (RuTPU)RU\TPU\subj\71979
|9 85627
|
| 610 |
1 |
|
|a автоматические системы
|
| 610 |
1 |
|
|a оптимальные системы
|
| 610 |
1 |
|
|a классификация
|
| 610 |
1 |
|
|a оптимальное управление
|
| 610 |
1 |
|
|a оптимальность
|
| 610 |
1 |
|
|a управляющие устройства
|
| 610 |
1 |
|
|a теория
|
| 610 |
1 |
|
|a задачи
|
| 610 |
1 |
|
|a информация
|
| 610 |
1 |
|
|a методы
|
| 610 |
1 |
|
|a принципы
|
| 610 |
1 |
|
|a управляемые объекты
|
| 610 |
1 |
|
|a решения
|
| 610 |
1 |
|
|a примеры
|
| 610 |
1 |
|
|a применение
|
| 610 |
1 |
|
|a французский язык
|
| 675 |
|
|
|a 681.51.01:519
|v 4
|
| 700 |
|
1 |
|a Фельдбаум
|b A. A.
|g Александр Аронович
|
| 801 |
|
1 |
|a RU
|b 63413507
|c 20200819
|
| 801 |
|
2 |
|a RU
|b 63413507
|c 20201005
|g RCR
|
| 942 |
|
|
|c BK
|